Представление документа в формате RUSMARC

ПолеНазваниеЗначение
  Тип записи a
  Библиографический уровень m
001 Контрольный номер UONB/MAIN/6d6205b8dc3141a59a76643562ec8cf7
005 Дата корректировки 20240920195136.1
010 Индекс ISBN __
d Цена 96 к.
9 Тираж 11500 экз.
100 Данные общей обработки __
a Данные общей обработки 20240920d1970 u y0rusy0189 ca
101 Язык документа 0_
a Язык текста rus
102 Страна публикации __
a Страна публикации RU
105 Кодированные данные (монография) __
a Кодированные данные (монография) a j 000yy
200 Заглавие и сведения об ответственности 1_
a Заглавие Основы теории автоматических систем
f Первые сведения об ответственности Я. З. Цыпкин
203 Вид содержания и тип средства __
a Вид содержания Текст
b Характеристика содержания визуальный
c Тип средства непосредственный
210 Выходные данные 1_
a Место издания Москва
c Издательство Наука
d Дата издания 1970
215 Физическое описание __
a Объем 251 с.
c Иллюстрации/тип воспроизводства ил., черт.
d Формат 21 см
320 Библиография __
a Библиография Библиогр.: с. 228-242
320 Библиография __
a Библиография Указ.: с. 243-247
606 Тематические рубрики 0_
a Основная рубрика Кибернетические системы самообучающиеся
610 Ключевые слова 0_
a Ключевые слова автоматические системы управления; системы управления; автоматические системы; кибернетические системы самообучающиеся
675 Индекс УДК __
a Индекс УДК 6П2.154.259.3
686 Индексы других классификаций __
a Классификационный индекс 32.96
2 Код системы rubbk
700 Автор _1
a Фамилия Цыпкин
b Имя (инициалы) Я. З.
g Полное личное имя Яков Залманович
f Даты 1919-1997
801 Источник записи _0
a Страна RU
b Организация Ульяновская ОНБ
c Дата составления 20240920
g Правила каталогизации RCR
801 Источник записи _1
a Страна RU
b Организация Ульяновская ОНБ
c Дата составления 20240920
g Правила каталогизации RCR
901 Тип документа __
t Тип документа m
909 Создатель записи __
a Создатель записи Горбункова
b Дата создания записи 20240920